| 000 | 00744nam a2200169 a 4500 | ||
|---|---|---|---|
| 008 | 120416s2002 ||||||||||||||||| || u | ||
| 020 | _a0821349961 | ||
| 050 | _aHD 82 Wor | ||
| 245 | 0 | 0 | _aGlobal economic prospects and the developing countries |
| 260 |
_aWashington, D. C. _bWorld Bank _c2002 |
||
| 300 | _axxiii, 253p. : ill. | ||
| 350 | _a0.00 | ||
| 650 | 0 | _aECONOMICS | |
| 650 | _aECONOMIC PROSPECTS--DEVELOPING COUNTRIES | ||
| 995 |
_aMAIN LIBRARY OPEN ACCESS _D0.00 _e735285 _FCBU-MAIN LIBRARY (Kitwe) _H2 _I24.50 _jHD 82 Wor _M2 _UAVAILABLE _y40444 _ZMain Library Open Access Collection |
||
| 995 |
_aMAIN LIBRARY OPEN ACCESS _D0.00 _e735284 _FCBU-MAIN LIBRARY (Kitwe) _H1 _I24.50 _jHD 82 Wor _M1 _UAVAILABLE _y40443 _ZMain Library Open Access Collection |
||
| 999 |
_c75931 _d75931 |
||